Tilastot visalle Suomen rautatieliikennepaikat vuonna 2003

Klikkaa tästä pelataksesi tätä visaa!

Yleistilastot

  • Tätä visaa on pelattu 43 kertaa
  • Keskiarvotulos 66 / 591

Vastaustilastot

Liikennepaikka% Oikein
Helsinki
91%
Oulu
81%
Pasila
81%
Turku
81%
Rovaniemi
75%
Pori
72%
Kouvola
69%
Kera
66%
Kuopio
66%
Tampere
66%
Tikkurila
66%
Joensuu
63%
Kerava
63%
Lahti
63%
Rauma
63%
Vaasa
63%
Jyväskylä
59%
Kemi
59%
Kokkola
59%
Espoo
56%
Riihimäki
56%
Hanko
53%
Kauniainen
53%
Kotka
53%
Mikkeli
53%
Käpylä
50%
Karjaa
50%
Kirkkonummi
50%
Salo
50%
Seinäjoki
50%
Tornio
50%
Ii
47%
Imatra
47%
Imatra Tavara
47%
Kilo
47%
Kolari
47%
Lappeenranta
47%
Raahe
47%
Hämeenlinna
44%
Järvenpää
44%
Kajaani
44%
Nokia
44%
Savonlinna
44%
Siuntio
44%
Huopalahti
41%
Hyvinkää
41%
Kupittaa
41%
Leppävaara
41%
Pieksämäki
41%
Toijala
41%
Malmi
38%
Martinlaakso
38%
Myyrmäki
38%
Uusikaupunki
38%
Hamina
34%
Kemijärvi
34%
Lempäälä
34%
Naantali
34%
Oulunkylä
34%
Pietarsaari
34%
Turenki
34%
Ilmala
31%
Jämsä
31%
Kannelmäki
31%
Mäntyharju
31%
Oitti
31%
Porvoo
31%
Siilinjärvi
31%
Varkaus
31%
Ylivieska
31%
Äänekoski
28%
Hiekkaharju
28%
Iisalmi
28%
Inkoo
28%
Jokela
28%
Kempele
28%
Keuruu
28%
Kitee
28%
Koivu
28%
Korso
28%
Lohja
28%
Loviisa
28%
Nastola
28%
Parola
28%
Simpele
28%
Vammala
28%
Ähtäri
25%
Eno
25%
Joutseno
25%
Kauklahti
25%
Kokemäki
25%
Lapua
25%
Loimaa
25%
Malminkartano
25%
Mommila
25%
Parkano
25%
Pello
25%
Pitäjänmäki
25%
Puistola
25%
Pukinmäki
25%
Savio
25%
Tapanila
25%
Tervola
25%
Viiala
25%
Haapajärvi
22%
Harjavalta
22%
Heinola
22%
Hikiä
22%
Kannus
22%
Kauhava
22%
Kausala
22%
Lieksa
22%
Liminka
22%
Mynämäki
22%
Nurmes
22%
Orivesi
22%
Parikkala
22%
Pohjois-Haaga
22%
Raisio
22%
Rekola
22%
Tuomarila
22%
Valimo
22%
Valkeakoski
22%
Vantaankoski
22%
Ylitornio
22%
Alavus
19%
Haukipudas
19%
Herrala
19%
Kangas
19%
Koivuhovi
19%
Kotkan satama
19%
Kyrö
19%
Masala
19%
Myllykoski
19%
Oulainen
19%
Paimio
19%
Paltamo
19%
Tammisaari
19%
Tuuri
19%
Urjala
19%
Uusikylä
19%
Vaala
19%
Viinijärvi
19%
Ylöjärvi
19%
Hankasalmi
16%
Hausjärvi
16%
Heinävesi
16%
Humppila
16%
Iittala
16%
Karkku
16%
Kesälahti
16%
Kontiolahti
16%
Lapinlahti
16%
Mäkkylä
16%
Muhos
16%
Muurame
16%
Muurola
16%
Nivala
16%
Nummela
16%
Pännäinen
16%
Petäjävesi
16%
Punkaharju
16%
Ruukki
16%
Saari
16%
Saunakallio
16%
Simo
16%
Suonenjoki
16%
Vihanti
16%
Haapamäki
13%
Härmä
13%
Inkeroinen
13%
Kälviä
13%
Kauhajoki
13%
Kerimäki
13%
Koria
13%
Kymi
13%
Laihia
13%
Lappila
13%
Laukaa
13%
Louhela
13%
Luoma
13%
Luumäki
13%
Nakkila
13%
Närpiö
13%
Orimattila
13%
Perniön viljavarasto
13%
Piikkiö
13%
Rautjärvi
13%
Retretti
13%
Saarijärvi
13%
Salla
13%
Sukeva
13%
Taavetti
13%
Tuomioja
13%
Turku satama
13%
Utajärvi
13%
Äetsä
9%
Hammaslahti
9%
Haukivuori
9%
Ilomantsi
9%
Jalasjärvi
9%
Jämsänkoski
9%
Joroinen
9%
Jorvas
9%
Kaskinen
9%
Kiuruvesi
9%
Kontiomäki
9%
Kurikka
9%
Kyrölä
9%
Lievestuore
9%
Mankki
9%
Mänttä
9%
Niinisalo
9%
Niirala
9%
Peräseinäjoki
9%
Ryttylä
9%
Säkylä
9%
Suolahti
9%
Vaajakoski
9%
Valtimo
9%
Vartius
9%
Vilppula
9%
Vuokatti
9%
Alapitkä
6%
Dragsvik
6%
Hanko-Pohjoinen
6%
Höljäkkä
6%
Hyrynsalmi
6%
Iisvesi
6%
Ilmajoki
6%
Isokyrö
6%
Järvelä
6%
Jepua
6%
Juupajoki
6%
Kaipiainen
6%
Kelloselkä
6%
Koivukylä
6%
Kuivaniemi
6%
Kuusankoski
6%
Kylänlahti
6%
Lapinjärvi
6%
Lappohja
6%
Lauritsala
6%
Lielahti
6%
Lusto
6%
Mäntyluoto
6%
Misi
6%
Mukkula
6%
Rajamäki
6%
Ristiina
6%
Runni
6%
Tervajoki
6%
Teuva
6%
Tohmajärvi
6%
Tolsa
6%
Töysä
6%
Utti
6%
Vainikkala
6%
Vierumäki
6%
Vihtari
6%
Vuonislahti
6%
Ajos
3%
Ämmänsaari
3%
Dynamiittivaihde
3%
Eläinpuisto-Zoo
3%
Esso
3%
Haapakoski
3%
Haapakylä
3%
Harju
3%
Hiirola
3%
Hillosensalmi
3%
Hinthaara
3%
Huutokoski
3%
Joutsijärvi
3%
Juankoski
3%
Kaipola
3%
Kalvitsa
3%
Kauttua
3%
Kemira
3%
Kiiala
3%
Kiukainen
3%
Kohtavaara
3%
Kolho
3%
Kolppi
3%
Korvua
3%
Koskenkorva
3%
Kulus
3%
Kursu
3%
Kuusivaara
3%
Loukolampi
3%
Loviisan satama
3%
Maanselkä
3%
Maaria
3%
Mussalo
3%
Mustio
3%
Myllymäki
3%
Mynttilä
3%
Myrskylä
3%
Nikkilä
3%
Nuppulinna
3%
Olhava
3%
Onkamo
3%
Otalampi
3%
Otanmäki
3%
Otava
3%
Otavan satama
3%
Pääskylahti
3%
Paimenportti
3%
Pankakoski
3%
Pihlajavesi
3%
Pohjankuru
3%
Rantasalmi
3%
Salminen
3%
Salpausselkä
3%
Santala
3%
Savonlinna-Kauppatori
3%
Selänpää
3%
Sievi
3%
Siuro
3%
Skogby
3%
Sköldvik
3%
Taivalkoski
3%
Tavastila
3%
Tikkala
3%
Toppila
3%
Tornio-Pohjoinen
3%
Tuupovaara
3%
Uimaharju
3%
Vaskiluoto
3%
Vihtavuori
3%
Vika
3%
Vuohijärvi
3%
Ykspihlaja
3%
Ylämylly
3%
Ylistaro
3%
Ahvenus
0%
Airaksela
0%
Aittaluoto
0%
Äkäsjoki
0%
Alholma
0%
Alvajärvi
0%
Arola
0%
Arolampi
0%
Bomba
0%
Elijärvi
0%
Enonjärvi
0%
Ervelä
0%
Eskola
0%
Finnish Chemicals
0%
Haapamäen kyllästämö
0%
Hangonsaari
0%
Hanhikoski
0%
Harviala
0%
Haviseva
0%
Heikkilä
0%
Heinävaara
0%
Heinoo
0%
Hinkua
0%
Hirvineva
0%
Huuhkajavaara
0%
Iisalmen sahat
0%
Iisalmen teollisuuskylä
0%
Iisalmen teollisuusraiteet
0%
Ilmalan ratapiha
0%
Imatrankoski
0%
Imatrankoski-raja
0%
Imatran terästehdas
0%
Immola
0%
Inha
0%
Isokangas
0%
Isokylä
0%
Jokikylä
0%
Joutjärvi
0%
Jukajärvi
0%
Juojärvi
0%
Juoksenki
0%
Jutila
0%
Juurikorpi
0%
Jyränkö
0%
Jyväskylän Energia
0%
Kainuunkylä
0%
Kairokoski
0%
Kaitjärvi
0%
Kaleton
0%
Kalkku
0%
Kalliovarasto
0%
Kallislahti
0%
Kannonkoski
0%
Karhejärvi
0%
Karhukangas
0%
Karunki
0%
Karviainen
0%
Kauppilanmäki
0%
Keitelepohja
0%
Kekomäki
0%
Keljo
0%
Keljonlahti
0%
Kelkkamäki
0%
Keltti
0%
Kelvä
0%
Kihniö
0%
Kilpua
0%
Kinahmi
0%
Kinni
0%
Kirjola
0%
Kirkniemi
0%
Kivesjärvi
0%
Kivihaka
0%
Kolkontaipale
0%
Kommila
0%
Komu
0%
Koppnäs
0%
Korjala
0%
Korkeakoski
0%
Koskenkylä
0%
Kotavaara
0%
Kovjoki
0%
Köykkäri
0%
Kruunupyy
0%
Kruunutie
0%
Kuivasjärvi
0%
Kultakivi
0%
Kumiseva
0%
Kurkimäki
0%
Kurtti
0%
Kutemainen
0%
Kuurila
0%
Kuusanlampi
0%
Kyminlinna
0%
Kytömaa
0%
Laaja
0%
Lahdenperä
0%
Lahnaslampi
0%
Laikko
0%
Lakiala
0%
Lamminkoski
0%
Länsisatama
0%
Lapinneva
0%
Larvakytö
0%
Latu
0%
Laurila
0%
Lautiosaari
0%
Leino
0%
Lelkola
0%
Leppäkoski
0%
Leteensuo
0%
Lieksan teollisuuskylä
0%
Lippo
0%
Lohiluoma
0%
Lohjanjärvi
0%
Luikonlahti
0%
Lustikulla
0%
Madesjärvi
0%
Majajärvi
0%
Markkala
0%
Matkaneva
0%
Mattila
0%
Meltola
0%
Metro
0%
Metsäkansa
0%
Metsä-Timber
0%
Murtomäki
0%
Mustola
0%
Mustolan satama
0%
Muukko
0%
Muuras
0%
Myllykangas
0%
Myllyoja
0%
Naamijoki
0%
Naarajärvi
0%
Niesa
0%
Niinimaa
0%
Niirala-raja
0%
Niittylahti
0%
Nivalan teollisuuskylä
0%
Nuojua
0%
Nurmeksen saha
0%
Ohenmäki
0%
Olli
0%
Onttola
0%
Palopuro
0%
Paltanen
0%
Palta Oy
0%
Parkkima
0%
Patuna
0%
Pelkola
0%
Peltosalmi
0%
Pesiökylä
0%
Pietarsaaren romu
0%
Pihlava
0%
Pihtipudas
0%
Pikkarala
0%
Pirttikangas
0%
Pitkälahti
0%
Pohjois-Louko
0%
Poikkeus
0%
Poiksilta
0%
Porokylä
0%
Porvoon keskusta
0%
Puhos
0%
Pulsa
0%
Puntala
0%
Purola
0%
Putikko
0%
Puukari
0%
Pyhäkumpu
0%
Pyhäkumpu erkanemisvaihde
0%
Raippo
0%
Rajaperkiö
0%
Rasinsuo
0%
Ratikylä
0%
Raudanlahti
0%
Rauha
0%
Raunio
0%
Rautakonttori
0%
Rautaruukki
0%
Rautpohja
0%
Rautuvaara
0%
Riippa
0%
Ristijärvi
0%
Röykkä
0%
Röyttä
0%
Ruha
0%
Rumo
0%
Ruosniemi
0%
Ruusutorppa
0%
Saakoski
0%
Sääksjärvi
0%
Säkäniemi
0%
Salmivaara
0%
Sammalisto
0%
Sänkimäki
0%
Santamäki
0%
Sappu
0%
Särkisalmi
0%
Savontalo
0%
Seläntaus
0%
Sieppijärvi
0%
Sisättö
0%
Soinlahti
0%
Sokojoki
0%
Sorsasalo
0%
Starckjohann Steel
0%
Suomi Valimo
0%
Suoniemi
0%
Suosaari
0%
Sydänmaa
0%
Syrjä
0%
Syrjämäki
0%
Sysmäjärvi
0%
Tahkoluoto
0%
Taipale
0%
Talviainen
0%
Tapavainola
0%
Tervasuo
0%
Tiensuu
0%
Toivala
0%
Tommola
0%
Törmä
0%
Tornio-raja
0%
Törölä
0%
Tuira
0%
Turtola
0%
Ukkola
0%
Ulasoori
0%
Vääkiö
0%
Vaarala
0%
Vahojärvi
0%
Vainikkala-raja
0%
Valkeajärvi
0%
Valkeasuo
0%
Valmet
0%
Vanattara
0%
Varanen
0%
Vartius-raja
0%
Vasikkahaka
0%
Venetmäki
0%
Vesanka
0%
Viekki
0%
Viheriäinen
0%
Vinnilä
0%
Voltti
0%
Vuojoki
0%
Vuonoksen Lohja
0%
Vuonoksen vaihde
0%
Vuonos
0%
Vuorten-Vuori
0%
Wasalandia
0%
Yläkoski
0%
Ylivalli
0%
Ypykkävaara
0%

Tulosjakauma

Persentiili vastausten määrän mukaan

Jokaisen tuloksen saaneiden osuus

Tuloshistoriasi

Et ole pelannut tätä visaa